|
|
|
|
| LEADER |
00793nam a22002177a 4500 |
| 001 |
33264 |
| 003 |
BD-DhAAL |
| 005 |
20180709161521.0 |
| 008 |
180709t2004 fr a|||| |||| 00| 0 eng d |
| 999 |
|
|
|c 39636
|d 39636
|
| 040 |
|
|
|a BD-DhAAL
|
| 082 |
|
|
|a 720.954
|
| 245 |
|
|
|a Architectural heritage of Pondicherry
|
| 260 |
|
|
|a Pondicherry :
|b Asia Urbs Programme-Pondicherry,
|c 2004
|
| 300 |
|
|
|a 109 pages :
|b illustrations ;
|c 21 cm
|
| 526 |
|
|
|a ARC
|
| 541 |
|
|
|e 33264
|
| 650 |
|
|
|a Architecture
|z India
|z Pondicherry
|x History
|9 26824
|
| 852 |
|
|
|a Department of Architecture
|c General Stacks
|
| 942 |
|
|
|2 ddc
|c BK
|
| 952 |
|
|
|0 0
|1 0
|2 ddc
|4 0
|6 720_954000000000000_ARC
|7 0
|9 63654
|a BRACUL
|b BRACUL
|c GEN
|d 2018-07-09
|l 0
|o 720.954 ARC
|p 3010033264
|r 2018-07-09
|t 1
|w 2018-07-09
|y BK
|x Transferred from ARC to BRACUL on 28/12/2023
|